All 2M Cities - Statistics

General Stats
  • This quiz has been taken 169 times
    154 since last reset
  • The average score is 203 of 277
Answer Stats
Country Population City % Correct
United States 22.10 mil New York City
98%
Mexico 23.00 mil Mexico City
97%
Indonesia 31.30 mil Jakarta
96%
United States 17.70 mil Los Angeles
96%
Japan 40.40 mil Tokyo
96%
Thailand 18.80 mil Bangkok
95%
China 19.80 mil Beijing
95%
Argentina 16.40 mil Buenos Aires
95%
Egypt 21.00 mil Cairo
95%
Turkey 16.00 mil Istanbul
95%
Nigeria 19.40 mil Lagos
95%
Russia 17.30 mil Moscow
95%
Brazil 13.20 mil Rio de Janeiro
95%
South Korea 24.80 mil Seoul
95%
China 33.60 mil Shanghai
95%
United States 7.75 mil Boston
93%
India 30.30 mil Delhi
93%
South Africa 13.90 mil Johannesburg
93%
Peru 10.10 mil Lima
93%
United Kingdom 14.80 mil London
93%
Germany 4.73 mil Berlin
92%
Spain 6.55 mil Madrid
92%
India 25.10 mil Mumbai
92%
Japan 17.70 mil Osaka
92%
Italy 3.58 mil Rome
92%
Brazil 22.40 mil São Paulo
92%
Iran 15.30 mil Tehran
92%
Turkey 5.05 mil Ankara
91%
Spain 4.78 mil Barcelona
91%
Colombia 9.60 mil Bogotá
91%
South Africa 4.23 mil Cape Town
91%
Venezuela 3.75 mil Caracas
91%
Morocco 4.48 mil Casablanca
91%
United States 9.75 mil Chicago
91%
United States 7.20 mil Dallas
91%
China 46.70 mil Guangzhou
91%
Pakistan 3.45 mil Islamabad-Rawalpindi
91%
Ukraine 3.48 mil Kiev
91%
India 16.80 mil Kolkata
91%
Philippines 25.70 mil Manila
91%
France 11.40 mil Paris
91%
Saudi Arabia 8.05 mil Riyadh
91%
Yemen 2.80 mil Sana'a
91%
Singapore 7.90 mil Singapore
91%
Taiwan 9.15 mil Taipei
91%
Egypt 5.80 mil Alexandria
90%
Algeria 3.98 mil Algiers
90%
Netherlands 2.48 mil Amsterdam
90%
Iraq 7.00 mil Baghdad
90%
Syria 3.83 mil Damascus
90%
Bangladesh 20.20 mil Dhaka
90%
United Arab Emirates 5.35 mil Dubai
90%
Vietnam 3.80 mil Hanoi
90%
Vietnam 8.60 mil Ho Chi Minh City
90%
Kenya 5.90 mil Nairobi
90%
Chile 7.25 mil Santiago
90%
United States 4.43 mil Seattle
90%
Australia 5.30 mil Sydney
90%
Canada 7.45 mil Toronto
90%
Canada 2.88 mil Vancouver
90%
Ghana 5.10 mil Accra
89%
Senegal 3.73 mil Dakar
89%
United States 6.75 mil Houston
89%
D.R. Congo 12.40 mil Kinshasa
89%
Malaysia 8.90 mil Kuala Lumpur
89%
Portugal 2.48 mil Lisbon
89%
Italy 6.20 mil Milan
89%
Canada 4.23 mil Montréal
89%
Italy 4.23 mil Naples
89%
United States 7.35 mil Philadelphia
89%
Ecuador 2.73 mil Quito
89%
Russia 5.65 mil Saint Petersburg
89%
United Kingdom 3.15 mil Birmingham
88%
Brazil 4.00 mil Brasília
88%
Romania 2.20 mil Bucharest
88%
Hungary 2.63 mil Budapest
88%
Pakistan 17.80 mil Karachi
88%
Australia 4.98 mil Melbourne
88%
United States 6.40 mil Miami
88%
United States 7.85 mil San Francisco
88%
Israel 2.70 mil Tel Aviv-Jaffa
88%
Tunisia 2.68 mil Tunis
88%
United States 8.55 mil Washington, D.C.
88%
Ethiopia 3.80 mil Addis Ababa
87%
Greece 3.35 mil Athens
87%
United States 5.85 mil Atlanta
87%
United States 5.75 mil Detroit
87%
Mexico 5.35 mil Guadalajara
87%
India 10.20 mil Hyderabad
87%
Pakistan 2.28 mil Hyderabad
87%
Pakistan 13.00 mil Lahore
87%
Bolivia 2.13 mil La Paz
87%
Angola 8.15 mil Luanda
87%
United Kingdom 3.05 mil Manchester
87%
Netherlands 3.25 mil Rotterdam
87%
China 9.05 mil Wuhan
87%
Belgium 2.70 mil Brussels
86%
Sri Lanka 4.75 mil Colombo
86%
Qatar 2.43 mil Doha
86%
Afghanistan 4.33 mil Kabul
86%
Kuwait 4.75 mil Kuwait City
86%
United States 4.70 mil Phoenix
86%
Haiti 3.23 mil Port-au-Prince
86%
North Korea 2.95 mil Pyongyang
86%
Sweden 2.23 mil Stockholm
86%
Jordan 5.60 mil Amman
85%
Brazil 5.00 mil Belo Horizonte
85%
South Korea 4.13 mil Busan
85%
India 11.30 mil Chennai
85%
Tanzania 6.45 mil Dar es Salaam
85%
United States 3.75 mil Denver
85%
Germany 3.25 mil Frankfurt
85%
Germany 2.88 mil Hamburg
85%
Colombia 4.03 mil Medellín
85%
Mexico 5.00 mil Monterrey
85%
Morocco 2.05 mil Rabat
85%
Dominican Republic 4.00 mil Santo Domingo
85%
Uzbekistan 3.23 mil Tashkent
85%
Austria 2.25 mil Vienna
85%
China 6.95 mil Xi'an
85%
Guatemala 3.15 mil Guatemala City
84%
Sudan 6.30 mil Khartoum
84%
Germany 2.25 mil Munich
84%
Australia 2.08 mil Perth
84%
United States 4.38 mil Tampa
84%
Poland 2.38 mil Warsaw
84%
Paraguay 2.35 mil Asunción
82%
Azerbaijan 2.58 mil Baku
82%
India 12.20 mil Bangalore
82%
Saudi Arabia 4.95 mil Jeddah
82%
Belarus 2.00 mil Minsk
82%
United States 3.45 mil Orlando
82%
Republic of the Congo 2.25 mil Brazzaville
81%
China 9.60 mil Chengdu
81%
China 7.50 mil Hong Kong
81%
Japan 10.50 mil Nagoya
81%
United States 3.35 mil San Diego
81%
Australia 3.15 mil Brisbane
80%
South Africa 3.43 mil Durban
80%
Uganda 3.53 mil Kampala
80%
Myanmar 5.60 mil Yangon
80%
India 8.50 mil Ahmedabad
79%
Mali 3.53 mil Bamako
79%
United States 3.08 mil Cleveland
79%
United States 2.28 mil Las Vegas
79%
China 10.00 mil Xiamen
79%
Ivory Coast 5.60 mil Abidjan
78%
Nigeria 3.53 mil Abuja
78%
Ecuador 3.15 mil Guayaquil
78%
Nigeria 4.70 mil Kano
78%
Nepal 3.13 mil Kathmandu
78%
China 6.60 mil Nanjing
78%
India 6.90 mil Pune
78%
Spain 2.00 mil Valencia
78%
Bangladesh 4.93 mil Chittagong
77%
China 8.15 mil Chongqing
77%
Cuba 2.23 mil Havana
77%
Brazil 2.20 mil Manaus
77%
Mozambique 2.28 mil Maputo
77%
United States 3.18 mil Minneapolis
77%
United States 2.23 mil San Antonio
77%
Japan 2.50 mil Sapporo
77%
Indonesia 6.10 mil Surabaya
77%
China 12.70 mil Tianjin
77%
Colombia 2.88 mil Cali
76%
United States 2.00 mil Indianapolis
76%
United States 2.43 mil Portland
76%
Brazil 3.60 mil Salvador
76%
Cameroon 3.45 mil Yaoundé
76%
China 5.10 mil Harbin
75%
Zambia 2.68 mil Lusaka
75%
Saudi Arabia 2.13 mil Mecca
75%
Brazil 4.13 mil Porto Alegre
75%
Brazil 3.85 mil Recife
75%
Kazakhstan 2.10 mil Almaty
74%
Brazil 3.68 mil Fortaleza
74%
Burkina Faso 2.63 mil Ouagadougou
74%
Cambodia 2.08 mil Phnom Penh
74%
Mexico 3.18 mil Puebla
74%
United States 2.78 mil Cincinnati
73%
Japan 2.75 mil Fukuoka
73%
China 8.45 mil Hangzhou
73%
Zimbabwe 2.05 mil Harare
73%
Turkey 3.03 mil Izmir
73%
India 3.95 mil Jaipur
71%
Germany 2.40 mil Stuttgart
71%
India 6.60 mil Surat
71%
China 4.95 mil Zhengzhou
71%
United States 2.08 mil Sacramento
70%
Guinea 2.53 mil Conakry
69%
Brazil 3.43 mil Curitiba
69%
China 4.25 mil Kunming
69%
United Kingdom 2.18 mil Leeds
69%
China 6.10 mil Qingdao
69%
United States 2.35 mil Saint Louis
69%
China 4.05 mil Ürümqi
69%
Indonesia 6.95 mil Bandung
68%
United States 2.48 mil Charlotte
68%
United States 2.05 mil Pittsburgh
68%
China 4.55 mil Dalian
67%
Cameroon 3.38 mil Douala
67%
China 8.00 mil Shenyang
67%
Brazil 2.23 mil Belém
66%
China 4.93 mil Changsha
66%
China 4.03 mil Fuzhou
66%
Nigeria 3.58 mil Ibadan
66%
Iran 3.20 mil Isfahan
66%
Indonesia 4.00 mil Medan
66%
Pakistan 3.65 mil Faisalabad
65%
India 3.73 mil Lucknow
65%
Iran 3.20 mil Mashhad
65%
China 5.35 mil Wenzhou
65%
China 4.95 mil Hefei
63%
Togo 2.10 mil Lomé
63%
Venezuela 2.63 mil Maracaibo
63%
China 3.48 mil Nanning
63%
Philippines 2.73 mil Cebu
62%
India 3.48 mil Kanpur
62%
China 7.65 mil Shantou
62%
India 2.30 mil Agra
60%
Colombia 2.10 mil Barranquilla
60%
United States 2.45 mil Salt Lake City
60%
India 3.28 mil Nagpur
59%
Bolivia 2.15 mil Santa Cruz de la Sierra
59%
South Korea 2.75 mil Daegu
58%
United States 2.38 mil San José
58%
Ghana 3.03 mil Kumasi
57%
China 3.28 mil Ningbo
57%
Brazil 3.20 mil Campinas
56%
Nigeria 2.35 mil Port Harcourt
56%
Brazil 2.43 mil Goiânia
54%
Turkey 2.08 mil Bursa
53%
China 2.90 mil Lanzhou
53%
China 4.13 mil Taiyuan
53%
Saudi Arabia 2.50 mil Dammam
52%
D.R. Congo 2.20 mil Lubumbashi
52%
China 4.63 mil Shijiazhuang
52%
China 3.70 mil Changchun
51%
China 4.43 mil Jinan
51%
China 3.53 mil Zibo
49%
Taiwan 2.78 mil Kaohsiung
48%
India 3.18 mil Indore
47%
India 2.43 mil Bhopal
46%
India 2.68 mil Patna
45%
Mexico 2.33 mil Toluca
45%
Malaysia 2.13 mil George Town
44%
India 2.90 mil Bhilai
42%
China 3.30 mil Guiyang
41%
Pakistan 2.35 mil Peshawar
41%
China 3.88 mil Nanchang
40%
India 2.70 mil Coimbatore
37%
China 2.85 mil Xuzhou
37%
D.R. Congo 2.08 mil Mbuji-Mayi
34%
Japan 2.20 mil Okayama
31%
Pakistan 2.10 mil Multan
30%
Pakistan 2.78 mil Gujranwala
29%
Indonesia 2.25 mil Semarang
29%
China 2.80 mil Huizhou
27%
China 2.55 mil Luoyang
27%
China 2.63 mil Anshan
26%
China 2.00 mil Cixi
24%
Japan 2.00 mil Kitakyushu
23%
China 2.88 mil Tangshan
23%
China 2.23 mil Baotou
22%
India 2.35 mil Chandigarh
22%
China 2.43 mil Taichung
22%
India 2.20 mil Vishakhapatnam
22%
China 2.05 mil Linyi
20%
China 2.30 mil Taizhou
19%
India 2.23 mil Vadodara
18%
China 2.20 mil Yantai
18%
China 2.08 mil Baoding
12%
China 2.00 mil Liuzhou
11%
India 2.08 mil Nashik
10%
China 2.48 mil Jiangyin
9%
India 2.00 mil Vijayawada
4%
China 2.13 mil Xinxiang
4%
No matching quizzes found
Score Distribution
Percent of People with Each Score
Percentile by Number Answered
Your Score History
You have not taken this quiz since the last reset